000 01075cam a22001934a 4500
005 20250605164359.0
008 250528s ||||||||||||||||||||||||d
035 _a24474
040 _aGR-AtMCL
_bgre
_dGR-AtMCL
_eAACR2
245 1 _aContent και Mobile Apps και Εμπορική Πολιτική Καθορίζουν τις Εξελίξεις
260 _c2015
300 _a34
520 _aΑνακάμπτει η Ευρωπαϊκή Αγορά Διαφήμισης, Η Κατανάλωση είναι Γένους Θηλυκού, Έξι Μεγάλες Αλλαγές στο Μοντέλο της Εταιρικής Επικοινωνίας, Το Χιούμορ στην Εκλογική Εκστρατεία, Καινοτομία και Internal Customer Service και Ανθρωποκεντρική Προσέγγιση, Συνεχής Εξιδίκευση και Έντονος Ανταγωνισμός.
700 1 _aΚορδελάς Δημήτρης
_99464
942 _cCR
710 2 _aThe Marketing Week
_99825
999 _c9353
_d9353